Statistics for Swedish Football Champions (Allsvenskan)

Click here to take the quiz!

General Stats

  • This quiz has been taken 61 times
  • The average score is 91 of 122

Answer Stats

HintAnswer% Correct
1943–44Malmö FF (1)
100%
1974Malmö FF (10)
100%
1975Malmö FF (11)
100%
1977Malmö FF (12)
100%
1986Malmö FF (13)
100%
1988Malmö FF (14)
100%
2004Malmö FF (15)
100%
2010Malmö FF (16)
100%
2013Malmö FF (17)
100%
2014Malmö FF (18)
100%
2016Malmö FF (19)
100%
1948–49Malmö FF (2)
100%
2017Malmö FF (20)
100%
2020Malmö FF (21)
100%
2021Malmö FF (22)
100%
1949–50Malmö FF (3)
100%
1950–51Malmö FF (4)
100%
1952–53Malmö FF (5)
100%
1965Malmö FF (6)
100%
1967Malmö FF (7)
100%
1970Malmö FF (8)
100%
1971Malmö FF (9)
100%
1900AIK (1)
92%
1998AIK (10)
92%
2009AIK (11)
92%
2018AIK (12)
92%
1901AIK (2)
92%
1911AIK (3)
92%
1914AIK (4)
92%
1916AIK (5)
92%
1923AIK (6)
92%
1931–32AIK (7)
92%
1936–37AIK (8)
92%
1992AIK (9)
92%
1912Djurgårdens IF (1)
90%
2003Djurgårdens IF (10)
90%
2005Djurgårdens IF (11)
90%
2019Djurgårdens IF (12)
90%
1915Djurgårdens IF (2)
90%
1917Djurgårdens IF (3)
90%
1920Djurgårdens IF (4)
90%
1954–55Djurgårdens IF (5)
90%
1959Djurgårdens IF (6)
90%
1964Djurgårdens IF (7)
90%
1966Djurgårdens IF (8)
90%
2002Djurgårdens IF (9)
90%
2001Hammarby IF (1)
82%
1908IFK Göteborg (1)
82%
1984IFK Göteborg (10)
82%
1987IFK Göteborg (11)
82%
1990IFK Göteborg (12)
82%
1991IFK Göteborg (13)
82%
1993IFK Göteborg (14)
82%
1994IFK Göteborg (15)
82%
1995IFK Göteborg (16)
82%
1996IFK Göteborg (17)
82%
2007IFK Göteborg (18)
82%
1910IFK Göteborg (2)
82%
1918IFK Göteborg (3)
82%
1934–35IFK Göteborg (4)
82%
1941–42IFK Göteborg (5)
82%
1957–58IFK Göteborg (6)
82%
1969IFK Göteborg (7)
82%
1982IFK Göteborg (8)
82%
1983IFK Göteborg (9)
82%
1932–33Hälsingborgs IF (1)
78%
1933–34Hälsingborgs IF (2)
78%
1940–41Hälsingborgs IF (3)
78%
1999Helsingborgs IF (4)
78%
2011Helsingborgs IF (5)
78%
2022BK Häcken (1)
76%
2008Kalmar FF (1)
69%
1935–36IF Elfsborg (1)
67%
1938–39IF Elfsborg (2)
67%
1939–40IF Elfsborg (3)
67%
1961IF Elfsborg (4)
67%
2006IF Elfsborg (5)
67%
2012IF Elfsborg (6)
67%
1968Östers IF (1)
65%
1978Östers IF (2)
65%
1980Östers IF (3)
65%
1981Östers IF (4)
65%
1919GAIS (1)
61%
1922GAIS (2)
61%
1930–31GAIS (3)
61%
1953–54GAIS (4)
61%
1976Halmstads BK (1)
61%
1979Halmstads BK (2)
61%
1997Halmstads BK (3)
61%
2000Halmstads BK (4)
61%
1942–43IFK Norrköping (1)
55%
1962IFK Norrköping (10)
55%
1963IFK Norrköping (11)
55%
1989IFK Norrköping (12)
55%
2015IFK Norrköping (13)
55%
1944–45IFK Norrköping (2)
55%
1945–46IFK Norrköping (3)
55%
1946–47IFK Norrköping (4)
55%
1947–48IFK Norrköping (5)
55%
1951–52IFK Norrköping (6)
55%
1955–56IFK Norrköping (7)
55%
1956–57IFK Norrköping (8)
55%
1960IFK Norrköping (9)
55%
1896Örgryte IS (1)
55%
1909Örgryte IS (10)
55%
1913Örgryte IS (11)
55%
1985Örgryte IS (12)
55%
1897Örgryte IS (2)
55%
1898Örgryte IS (3)
55%
1899Örgryte IS (4)
55%
1902Örgryte IS (5)
55%
1904Örgryte IS (6)
55%
1905Örgryte IS (7)
55%
1906Örgryte IS (8)
55%
1907Örgryte IS (9)
55%
1972Åtvidabergs FF (1)
35%
1973Åtvidabergs FF (2)
35%
1937–38IK Sleipner (1)
27%
1925Brynäs IF (1)
16%
1924Fässbergs IF (1)
16%
1921IFK Eskilstuna (1)
12%
1903Göteborgs IF (1)
8%

Score Distribution

Percentile by Number Answered

Percent of People with Each Score

Your Score History

You have not taken this quiz